| 000 | 00692nam a2200217 a 4500 | ||
|---|---|---|---|
| 005 | 20220622063445.0 | ||
| 008 | 160525s2014 mx r 000 0 spa d | ||
| 020 | _a9786074953350 | ||
| 035 | _aUPN01000210638 | ||
| 049 | _aCG | ||
| 050 | 4 |
_aPQ7798.412 R5.7 _bA3.6 |
|
| 100 | 1 |
_aBritos, Marcelo, _d1970- _939261 |
|
| 245 | 1 | 0 |
_aA dónde van los caballos cuando mueren / _cMarcelo Britos. |
| 260 |
_aToluca : _bGobierno del Estado de México : _bFOEM, _c2014. |
||
| 300 | _a254 p. | ||
| 440 | 0 |
_aLetras. _pNarrativa |
|
| 586 | _a"Premio Sor Juana Inés de la Cruz. Certamen Internacional de Literatura 2013" | ||
| 650 | 0 |
_aNovela argentina _95078 |
|
| 905 | _aLibro | ||
| 999 |
_c182739 _d182739 |
||